000 00593nam a2200169Ia 4500
003 GCL
008 140319s9999 xx 000 0 ara d
040 _aGCL /
_cGCL
082 0 4 _a671.52
_bم ل
245 1 0 _aاللحام :
_bالتطبيق العملى لعمليات اللحام بالاكسى استيلين
260 _aالرياض :
_bالمؤسسة العامة للتعليم الفنى والتدريب المهنى
300 _a145 ص ؛
_c32 سم
650 0 4 _aاللحام
650 0 4 _aاللحام - اختبار
650 0 4 _aاللحام - مقاومة
942 _2ddc
_cBK
999 _c7071
_d7071